000 00384nam a2200145Ia 4500
008 150201s2005 xx 000 0 und d
082 _a617.3
_bT2005W
100 _aWEINSTEIN
245 _aTURKS ORTHOPEDICS : PRINCIPLES & THEIR APPLICATION
250 _a6TH
260 _bLIPPINCOTT PUBLICATION
_aPHILADELPHIA
_c2005
300 _a1-762
650 _aPHYSIOTHERAPY
942 _2ddc
_cBK
999 _c4309
_d4309